| 000 | 02069cam a2200277 4500500 | ||
|---|---|---|---|
| 005 | 20251228051614.0 | ||
| 041 | _afre | ||
| 042 | _adc | ||
| 100 | 1 | 0 |
_aLagarrigue, Aurélie _eauthor |
| 245 | 0 | 0 | _aAu dehors, le choc du dedans |
| 260 | _c2009. | ||
| 500 | _a91 | ||
| 520 | _aRésuméL’effraction engage nécessairement la question du corps et, par-là même, celle de la trace et de sa possibilité d’inscription. Dès lors, s’il n’y a pas d’effraction sans détresse, certains opérateurs comme la temporalité et la solitude nous permettent de développer le rapport que le sujet adolescent entretient avec ces différents temps. À partir du terme d’effraction, nous tenterons de saisir de quelle manière, l’émergence du temps adolescent permet de déployer le rapport entre la détresse et la désolation. Le cas clinique d’une adolescente rencontrée dans un Service d’Accueil d’Urgence en situation d’exclusion sera proposé. | ||
| 520 | _aConfined outside, exploding insideInvasiveness inevitably raises concerns about the body and thus of the trace and the possibility of its inscription. And since there can be no invasion without helplessness, certain factors such as temporality and solitude enable us to describe the relationship which an adolescent maintains with these various phases. Using the term invasiveness, we will endeavor to elucidate in what manner the emergence of adolescence gives rise to the relationship between helplessness and grief. We will then propose a case study of an adolescent girl in a state of exclusion, encountered in an Emergency Service. | ||
| 690 | _aadolescence | ||
| 690 | _adésolation | ||
| 690 | _adétresse | ||
| 690 | _aeffraction | ||
| 690 | _asolitude | ||
| 690 | _adispair | ||
| 690 | _adistress | ||
| 690 | _aexclusion | ||
| 690 | _ahelplessness | ||
| 786 | 0 | _nCahiers de psychologie clinique | 33 | 2 | 2009-10-09 | p. 13-29 | 1370-074X | |
| 856 | 4 | 1 | _uhttps://shs.cairn.info/revue-cahiers-de-psychologie-clinique-2009-2-page-13?lang=fr&redirect-ssocas=7080 |
| 999 |
_c1581895 _d1581895 |
||